00410cam a22001097a 4500008003800000082002400038100006000062245006200122260004600184500002600230650004400256180718b-- xxu||||| |||| 00| 0 eng d aXA94068x5452 W892/S aIndia. Ministry of Labour and Employment. Labour Bureau aWorking class family income and expenditure survey, Salem aDelhibThe Controller of Publicationsc-- aLibrary has 1999/2000 aHouseholds - India - Tamil Nadu - Salem